Normal view
MARC view
Entry Nombre corporativo
001 - NÚMERO DE CONTROL
- campo de control: 63402
003 - IDENTIFICADOR DEL NÚMERO DE CONTROL
- campo de control: OSt
005 - FECHA Y HORA DE LA ÚLTIMA TRANSACCIÓN
- campo de control: 20200615035357.0
008 - DATOS DE LONGITUD FIJA
- campo de control de longitud fija: 200615|| aca||aabn | a|a d
040 ## - FUENTE DE LA CATALOGACIÓN
- Centro catalogador/agencia de origen: OSt
- Centro/agencia transcriptor: OSt
110 ## - ENCABEZAMIENTO-NOMBRE DE ENTIDAD CORPORATIVA
- Nombre de entidad corporativa o nombre de jurisdicción como elemento de entrada: CENTROS DE DIAGNÓSTICO Y MEDICINA AVANZADA Y DE CONFERENCIAS MÉDICAS Y TELEMEDICINA. DEPARTAMENTO CARDIOVASCULAR
- Subdivisión geográfica: REPÚBLICA DOMINICANA
- Subdivisión de forma: PUBLICACIONES PERIÓDICAS
670 ## - FUENTE DE DATOS ENCONTRADOS
- Cita de la fuente: Work cat.: (OSt)36494: CardioCEDIMAT /, 2009-.
